00514nam a2200181 a 4500001000400000003000900004008004100013040002800054082001700082100003200099245004100131260003100172300001000203490002100213650002500234650002200259650005100281501CO-ViMGA141112s2004 ck r 000 u spa d aCO-ViMGAbspacCO-ViMGA04aR341.75 C6561 aColombia. Leyes, decretos, 10aRegimen de integración económica abogotá : bLegis, c1992 a828 p aSiempre al día14aACUERDO DE CARTAGENA14aDERECHO ECONOMICO14aINTEGRACION ECONOMICA - LEGISLACION COLOMBIANA